000 00590nam a22002297a 4500
003 UA-OsUOA
001 42638
007 ta
008 20061113b un ||||| |||| 00| 0 ukr d
100 _aСелезнев Юрий
090 _a929
_bС 29
942 _cBK
040 _aUA-OsUOA
_brus
_cUA-OsUOA
_dUA-OsUOA
245 _aЖЗЛ Достоевский
300 _a542 с.
955 _a3
041 _arus
080 _a929
260 _aМ.
_b"Молодая гвардия"
_c1981
650 7 _a9 Географія. Біографії. Історія
_2UDC
999 _c328780
_d328780